| 000 | 00327nam a2200121Ia 4500 | ||
|---|---|---|---|
| 008 | 210430s9999 xx 000 0 und d | ||
| 082 | _a428H254 P | ||
| 100 |
_aJeremy Harmer _953114 |
||
| 245 | 4 |
_aThe Practice English Language Teaching _cJeremy Harmer |
|
| 260 |
_aEngland _bLongman _c2001 |
||
| 300 | _a370p | ||
| 942 |
_cBK _2ddc |
||
| 999 |
_c563103 _d563103 |
||